Řízení lidských zdrojů /

Na minha lista:
Detalhes bibliográficos
Main Authors: Milkovich, George T (Author), Boudreau, John W (Author)
Outros Autores: Koš, Mojmír (Translator)
Formato: Livro
Idioma:tcheco
Publicado em: Praha : Grada, 1993
Assuntos:
Acesso em linha:OBSAH
Tags: Adicionar Tag
Sem tags, seja o primeiro a adicionar uma tag!

MARC

LEADER 00000nam a22000003a 4500
001 stu44853
005 20150617225718.8
008 950628s1993----cs------------------cze-d
020 |a 80-85623-29-3 
040 |a STU  |b slo 
041 0 |a cze 
044 |a cs 
080 |a 658.3 
100 1 |a Milkovich, George T  |4 aut 
245 1 |a Řízení lidských zdrojů /  |c [aut.]George T. Milkovich, John Boudreau; Z angl. Mojmír Koš a kol 
260 |a Praha :  |b Grada,  |c 1993 
300 |a 930 s 
650 7 |a personalistika  |2 stusub 
650 7 |a riadenie  |2 stusub 
650 7 |a zdroje ľudské  |2 stusub 
700 1 |a Boudreau, John W  |4 aut 
700 1 |a Koš, Mojmír  |4 trl 
856 4 |a https://sweb.mtf.stuba.sk/obsahy/rizeni_lidskych_zdroju_93.pdf  |u https://sweb.mtf.stuba.sk/obsahy/rizeni_lidskych_zdroju_93.pdf  |3 OBSAH 
996 |b 284M038514  |c M*9249-1  |l MMKN  |s A  |a 24  |w stu44853_0001